Ο Σολωμός στα γράμματά του
Αποθηκεύτηκε σε:
| Κύριος συγγραφέας: | |
|---|---|
| Μορφή: | Βιβλίο |
| Γλώσσα: | Greek |
| Δημοσίευση: |
[Αθήνα;] :
Εστία,
[19--]
|
| Θέματα: | |
| Ετικέτες: |
Προσθήκη ετικέτας
Δεν υπάρχουν, Καταχωρήστε ετικέτα πρώτοι!
|
MARC
| LEADER | 00000cam a2200000 i 4500 | ||
|---|---|---|---|
| 001 | 1/98406 | ||
| 008 | 081128q19301950 gre d | ||
| 035 | |l 10102081 | ||
| 040 | |a GR-MY-UA |b gre |e aacr | ||
| 041 | 0 | |a gre | |
| 082 | 0 | |a 889.12 |2 (22) | |
| 100 | 1 | |a Πολίτης, Λίνος, |d 1906-1982. | |
| 245 | 1 | 2 | |a Ο Σολωμός στα γράμματά του / |c Λίνου Πολίτη |
| 260 | |a [Αθήνα;] : |b Εστία, |c [19--] | ||
| 300 | |a 78 σ.; |c 21 εκ. | ||
| 600 | 1 | 0 | |a Σολωμός, Διονύσιος, |d 1798-1857. |
| 650 | 0 | 0 | |a Poets, Greek (Modern) |x Correspondence. |
| 650 | 0 | 0 | |a Greek poetry, Modern |y 19th century. |
| 852 | |a INST |b RHODES |c AKA |e 20081128 |h 889.12 ΠΟΛ |p 005400031465 |q 005400031465 |t BK |y 0 | ||
| 901 | |a BIBL4-2008-3 | ||
| 909 | |a Ρ |b 156460 | ||
| 970 | |a ΧΑΡΙΟΠΟΛΙΤΟΥ |b ΚΩΝΣΤΑΝΤΙΝΑ |z 2008/11/28 | ||